Word Ladder: Avoiding the Common Path Quiz Stats

 Plays Quiz Updated Feb 23, 2018

Challenge
Share
Tweet
Embed
Score 0/24 Timer 03:00
1 Play Today
Clue Answer % Correct
9. Valentine's Day flowerROSE
95.7%
4. Stormy ocean output; a lion's cryROAR
94.8%
13. Code using dots and dashesMORSE
91%
12. Kentucky Derby entrantHORSE
89.6%
16. A greater amountMORE
88.4%
15. Roger who played 007MOORE
87.8%
14. Largest member of the deer familyMOOSE
87%
8. One-time presidential hopeful PerotROSS
85.6%
3. Lever used in propulsionOAR
83.3%
2. Awkward, stupid personOAF
82.2%
18. Opening on a golf courseHOLE
82%
17. Type of spy; lawn wreckerMOLE
81.6%
Clue Answer % Correct
20. Very common, minor illnessCOLD
80.1%
21. Parachutist's pullCORD
77.5%
11. ▲ [rung 5] [rung 11]: 1989 film starring Patrick Swayze ▲
Theatre audience; Monopoly buy
▼ [rung11][rung 19]: One or more people living together ▼
▲ HOUSE ▼
77.1%
5. ▲ [rung 1]-[rung 5]: On a dirt trail ▲
The recently fired hit it
▼ [rung 5] [rung 11]: 1989 film starring Patrick Swayze ▼
▲ ROAD ▼
75.6%
1. ▼ [rung 1]-[rung 5]: On a dirt trail ▼
'On' antonym
▼ OFF ▼
75%
10. Stir from slumberROUSE
71.3%
19. ▲ [rung 11][rung 19]: One or more people living together ▲
A caller may be on this
▼ [rung 19][rung 24]: One refusing to negotiate ▼
▲ HOLD ▼
69.7%
7. Large marsupials, informallyROOS
69%
24. ▲ [rung 19][rung 24]: One refusing to negotiate ▲
'In' antonym
▲ OUT ▲
59.1%
22. Airport code for O'HareORD
57.6%
6. Quarter-acre of landROOD
57%
23. Leftover morsel of foodORT
52.7%

Today's Daily Dose

You're not logged in!

Compare scores with friends on all Sporcle quizzes.
OR
Log In

You Might Also Like...

Show Comments

Extras

Top Quizzes Today


Score Distribution

Your Account Isn't Verified!

In order to create a playlist on Sporcle, you need to verify the email address you used during registration. Go to your Sporcle Settings to finish the process.

Report this User

Report this user for behavior that violates our Community Guidelines.

Details: